Lập chương trình tính toán công trình xây dựng bằng phương pháp phần tử hữu hạn /
Phần mềm về lĩnh vực tính toán công trình từ phân tích tĩnh; Động học các kết cấu; Phân tích đàn hồi đến phân tích đàn hồi-dẻo; Đàn hồi nhớt...
Sparad:
| Huvudupphovsman: | |
|---|---|
| Övriga upphovsmän: | , , , |
| Materialtyp: | Bok |
| Språk: | Vietnamese |
| Publicerad: |
Hà Nội :
Xây dựng,
1997.
|
| Ämnen: | |
| Taggar: |
Lägg till en tagg
Inga taggar, Lägg till första taggen!
|
| Thư viện lưu trữ: | Mạng thư viện Đại học Đà Nẵng |
|---|
| LEADER | 01417cam a2200397 i 4500 | ||
|---|---|---|---|
| 001 | 000042302 | ||
| 003 | 176 | ||
| 005 | 20041028160843.0 | ||
| 008 | 010217b1997 vm 000 vie | ||
| 022 | |a T | ||
| 040 | |a IRC |c IRC |d IRC | ||
| 041 | 1 | |a vie | |
| 082 | 1 | 4 | |a 515.6 |b SM-I |
| 100 | 1 | |a Smith, I. M. | |
| 245 | 1 | 0 | |a Lập chương trình tính toán công trình xây dựng bằng phương pháp phần tử hữu hạn / |c I. M. Smith, D. V. Griffiths ; Phạm Ngọc Khánh, Trịnh Đình Châm, Hoàng Đình Trí dịch. |
| 260 | |a Hà Nội : |b Xây dựng, |c 1997. | ||
| 300 | |a 554 tr. ; |c 21 cm. | ||
| 520 | 3 | |a Phần mềm về lĩnh vực tính toán công trình từ phân tích tĩnh; Động học các kết cấu; Phân tích đàn hồi đến phân tích đàn hồi-dẻo; Đàn hồi nhớt... | |
| 630 | 0 | 4 | |a Toán học. |
| 630 | 0 | 4 | |a Xây dựng. |
| 650 | 0 | 4 | |a Phương pháp phần tử hữu hạn |x Lập chương trình. |
| 650 | 0 | 4 | |a Toán học ứng dụng. |
| 700 | 1 | |a Griffiths, D. V. | |
| 700 | 1 | |a Phạm Ngọc Khánh, |e dịch. | |
| 700 | 1 | |a Trịnh Đình Châm, |c PTS, |e dịch. | |
| 700 | 1 | |a Hoàng Đình Trí, |e dịch. | |
| OWN | |a DUT | ||
| 999 | |a From the UDN01 | ||
| TYP | |a Monograph | ||
| TYP | |a Printed language | ||
| 980 | |a Mạng thư viện Đại học Đà Nẵng | ||